| 000 | 00401nam a2200157Ia 4500 | ||
|---|---|---|---|
| 008 | 230524s9999 xx 000 0 und d | ||
| 082 |
_a802 _bBIS |
||
| 100 |
_aBureau of Indian Standards _924263 |
||
| 245 | 0 | _aBIS CATALOGUE-2006 | |
| 250 | _a1ST | ||
| 260 |
_aNEW DELHI _bBIS Publication _c2006 |
||
| 300 | _aII;867 | ||
| 500 | _aQuantity Number: 1 | ||
| 650 |
_aMiscellaneous _91877 |
||
| 942 | _cBK | ||
| 999 |
_c35855 _d35855 |
||